Music Quiz

Random Music or Artist Quiz

5-Star Albums (Bands) Quiz Stats

 Plays Quiz Updated Jan 18, 2019

Support Sporcle.
Go Orange.
Score 0/50 Timer 06:00
8 Plays Today
% Correct
Abbey Road
97.2%
Sgt. Pepper's Lonely Hearts Club Band
95.6%
Help!
91.9%
The Dark Side of the Moon
91.1%
A Hard Day's Night
90.2%
The Joshua Tree
86.9%
Surf's Up
84.4%
The Wall
84.2%
Revolver
83.2%
Wish You Were Here
82.2%
Who's Next
81.3%
Tommy
79.8%
Achtung Baby
79.3%
Pet Sounds
78.6%
My Generation
72%
Surfin' USA
71.7%
Sticky Fingers
70.7%
Quadrophenia
70.6%
Exile on Main St.
69.9%
Automatic for the People
69.7%
Licensed to Ill
68.4%
OK Computer
67.5%
Elephant
63.2%
Let It Bleed
61.4%
Ill Communication
60.3%
% Correct
Live at Leeds
59.6%
Beggars Banquet
59.2%
It's Only Rock 'n Roll
57.5%
Kid A
56.6%
White Blood Cells
56.4%
Icky Thump
55.8%
The Bends
55.6%
The Unforgettable Fire
55.4%
Paul's Boutique
53.4%
The Piper at the Gates of Dawn
53.3%
Animals
53%
Check Your Head
51.3%
Smiley Smile
50.5%
Out of Time
50.4%
Hello Nasty
49.8%
October
49.2%
Amnesiac
48.4%
Green
47.2%
No Line on the Horizon
46.2%
De Stijl
44.7%
In Rainbows
44.1%
New Adventures in Hi-Fi
43.6%
Get Behind Me Satan
43%
Document
41.9%
Sunflower
39.2%

You're not logged in!

Compare scores with friends on all Sporcle quizzes.
OR
Log In
Forgot?

From the Vault

Multiple Choice: Pope Names

by Magnavox

Pope Innocent or Pope Guilty? You'll have to make the call.
Remove Ads.
Support Sporcle.
Get the best of Sporcle when you Go Orange. This ad-free experience offers more features, more stats, and more fun while also helping to support Sporcle. Thank you for becoming a member.

Show Comments

Extras

Top Quizzes Today


Score Distribution

Your Account Isn't Verified!

In order to create a playlist on Sporcle, you need to verify the email address you used during registration. Go to your Sporcle Settings to finish the process.

Report this User

Report this user for behavior that violates our Community Guidelines.

Details: